000 01571cam a22004574i 4500
003 PE-LiUPU
005 20250731173454.0
008 150616s1986 enk r 000 0 eng d
035 _a(Sirsi) a6552
040 _aPE-LiUPU
_bspa
_cPE-LiUPU
_erda
049 _aPRUA
082 0 4 _a220.7
_bICC
_221
100 1 _aMoffatt, James,
_eautor.
245 1 2 _aA critical and exegetical commentary on the epistle to the Hebrews.
_n58 /
_cJames Moffatt.
264 1 _aEdimburgh :
_bT. & T. Clark,
_c1986.
300 _a264 páginas ;
_c21 cmentímetros.
336 _atext
_2rdacontent
337 _aunmediated
_2rdamedia
338 _avolume
_2rdacarrier
490 0 _aThe International Critical Commentary
505 0 _aComentarios sobre la epístola a los Hebreos.
526 _aSEG42
526 _aSEG41
526 _aSEG40
526 _aSEG39
526 _aP94
526 _aP87
526 _aP86
526 _aP85
526 _aP77
526 _aP76
526 _aP35
630 _aBiblia.
_pN.T.
_pHebreos
_xComentarios.
910 _ajck
_bjvq
_cjck
942 _2ddc
_cBOOK
949 _a220.7 ICC 58
_wDEWEY
_c1
_i39924
_lCCODEBUL1
_mBUL
_p00.00
_r0
_sY
_tBOOK
_u19951205
_xTEOLOGIA
_zUNKNOWN
_0COMPRA
_o.STAFF. Colección General
994 _aC0
_bPEPRU
596 _a1
999 _a220.7 ICC 58
_wDEWEY
_c57698
_i39924
_d57698
_e2017-4-20
_f2021-11-9
_g5
_lCCODEBUL1
_mBUL
_n1
_p23.00
_q4
_r0
_sY
_tBOOK
_u2015-6-16
_xTEOLOGIA
_zUNKNOWN
_0COMPRA
_o.STAFF. Colección Teología
980 _81
_gALBERTO SANCHEZ Responsable de Automatización